000 01040nam a2200229Ii 4500
003 JO-AjNU
008 230605s9999||||xx |||||||||||||| ||und||
017 _a1999/10/1928
040 _aJO-AjNU
_bara
_erda
_cJO-AjNU
041 _aara
050 1 4 _aB749.Z7.A695 1999
100 3 _aتحرير: ملكاوي، فتحي ، عزمي طه,
_eauthor
_952571
245 0 0 _aالعطاء الفكري لأبي الوليد بن رشد: وقائع الحلقة الدراسية التي عقدت في حرم جامعة آل البيت في المفرق/ الاردن بتاريخ 29 رجب 1419هـ الموافق له 18 تشرين الثاني 1998
250 _aط1
264 3 1 _aعمان: المعهد العالمي للفكر الاسلامي،1999
300 _a380ص
336 _atext
_btxt
_2rdacontent
337 _aunmediated
_bn
_2rdamedia
338 _avolume
_bnc
_2rdacarrier
490 0 _aسلسلة حركات الاصلاح والتغيير6
650 4 _aالفلسفة الاسلامية- تراجم- ابن رشد
_952572
999 _aA23296
_c26864
_d26864